Obchod ako mestotvorný prvok - "obchodný urbanizmus" /

Saved in:
Bibliographic Details
Main Author: Vitková, Ľubica, 1958- (Author)
Other Authors: Kavan, Ján (Thesis advisor)
Format: Manuscript Book
Language:Slovak
Slavic languages
Published: Bratislava : Slovenská technická univerzita v Bratislave, Fakulta architektúry, marec 1993
Subjects:
Tags: Add Tag
No Tags, Be the first to tag this record!

MARC

LEADER 00000ntm a22000003a 4500
001 0115819
003 SK-STU
005 20250606094823.5
007 ta
008 250606s2025----xo-----f-mn---000-0-slo-d
040 |a STU  |b slo 
041 0 |a sla 
044 |a xo  |c SK 
100 1 |a Vitková, Ľubica,  |d 1958-  |u 056160  |4 aut  |r Z1  |U FAD Fakulta architektúry a dizajnu  |T FAD Ústav urbanizmu a územného plánovania  |X 447  |U A6160  |Y 397  |7 A000000447 
245 1 0 |a Obchod ako mestotvorný prvok - "obchodný urbanizmus" /  |c aut. Ľubica Vitková ; škol. Ján Kavan 
260 |a Bratislava :  |b Slovenská technická univerzita v Bratislave, Fakulta architektúry,  |c marec 1993 
300 |a 140 s. 
650 0 7 |a obchodný urbanizmus 
650 0 7 |a urbanizmus a územné plánovanie 
650 0 7 |a maloobchodné predajne 
650 0 7 |a zahraničie 
650 0 7 |a Slovensko 
650 0 7 |a občianska vybavenosť 
650 0 7 |a historická architektúra 
650 0 7 |a nová výstavba 
650 0 7 |a architektonické navrhovanie 
650 0 7 |a Bratislava - Petržalka 
650 0 7 |a Záhradnícka 
650 0 7 |a Ružinovská 
650 0 7 |a Nivy, Bratislava 
650 0 7 |a Šaľa 
650 0 7 |a revitalizácia priemyselných území 
650 0 7 |a revitalizácia verejných priestranstiev 
650 0 7 |a revitalizácia priemyselných území 
650 0 7 |a budovy pre obchod a služby 
650 0 7 |a občianska vybavenosť 
700 1 |a Kavan, Ján  |4 ths  |X 500042  |7 A000500042 
996 |b 284AU10413  |c A* 300/V  |l AAKNST  |s P  |a 0  |w 0115819_0001